000 00329nam a22001337a 4500
008 250402b |||||||| |||| 00| 0 eng d
020 _a0761949941
050 _aHD96.F73
100 _aANNE Cranny Francis
245 _aMultimedia Texts and Contexts
260 _aBritain
_bSage Publication
_c2005
300 _a196p.
942 _cBK
999 _c2798
_d2798